Felvidéki Ujság Képes Híradója

Bibliographic Details
Corporate Author: Tolnai Műintézet és Kiadóvállalat Rt (Budapešť, Maďarsko) (tlač.)
Other Authors: Timáry, Mihály (Publishing director, Publisher)
Format: Journal
Language:Hungarian
PhysicalDescription:1 roč. 31 x 22 cm
Published: Košice Mihály Timáry 1939
Subjects:

MARC

LEADER 00000nas a22000001a 4500
001 vtls010300076
003 SK-MaSNL
005 20260228162531.0
008 110810d19391939xo wr p r 0 b0hun
015 |a SNBDS17XX9999 
015 |a 0107  |2 Fedor 1939-44 
038 |a SNKBUDS 
040 |a SNK  |b slo  |c SNK  |e AACR2 
041 0 |a hun 
044 |a xo  |c SK  |a hu  |c HU 
245 0 0 |a Felvidéki Ujság Képes Híradója 
260 |a Košice  |b Mihály Timáry  |c 1939 
300 |a 1 roč.  |c 31 x 22 cm 
310 |a 1x týždenne 
362 0 |a Č. 1 (1939)-č. 22 (1939) 
500 |a Vych. v Košiciach (týždenne) 
500 |a Zodp. red. a vyd. Mihály Timáry 
500 |a Tlač. Tolnai Műintézet és Kiadóvállalat Rt, Budapest 
500 |a Obrazová príloha denníka Felvidéki Ujság 
505 8 0 |g Rok 1939 22 čís. po 8 s. (čís. 22. z 3. 9. 1939) 
650 0 7 |a politika  |2 SNKPH  |9 968 
655 7 |a politické časopisy  |2 SNKBUDS  |9 265985 
655 7 |a regionálne časopisy  |2 SNKBUDS  |9 265646 
700 1 |a Timáry, Mihály  |4 pbd  |9 271341 
710 0 |a Timáry, Mihály  |e vydav.  |9 271342 
710 2 |a Tolnai Műintézet és Kiadóvállalat Rt (Budapešť, Maďarsko)  |e tlač.  |9 271343 
772 0 |t Fe1vidéki Ujság  |x ISSN 
852 |a SNK  |b 10000  |h ČSB 1460 
999 |c 8010  |d 9940